000 00425nam a22001697a 4500
005 20160429111345.0
008 160429b xxu||||| |||| 00| 0 eng d
020 _a81-7808760-x
041 _aeng
082 _b00776
100 _aRehg, James A
_9222
245 _aComputer Integrated Manufacturing
260 _aNew Delhi
_bPearson Education,
_c2002
300 _a496
650 _aInformation Technology
_9137
942 _cBK
999 _c248
_d248